000 01379nam0a2200325 4500
001 RU\NLR\bibl\100235
005 20250617083356.0
021 _aRU
_b2000-18389
_9870
035 _a(NLR Aleph) 000098002
090 _a552357
_c552357
100 _a20000726d2000 |||y0rusy50 ca
101 0 _arus
102 _aRU
105 _aa |||||||||
200 1 _aПроблемы и задачи управления интеллектуальной собственностью Российской Академии Наук
_fВ.В.Команич, С.С. Ковалевский, В.П. Пелихов
210 _aМ.
_cИн-т пробл. упр.
_d2000
215 _a86 с.
_cил.
_d20
225 1 _aПрепринт
_fРос. акад. наук, Ин-т пробл. упр. им. В.А. Трапезникова
320 _aБиблиогр.: с. 85 (5 назв.)
601 0 2 _aРоссийская академия наук
_xНаучно-исследовательская работа
_xУправление
_92176257
_3RU\NLR\auth\661308909
686 _aЧ214(2)711е
700 1 _aКоманич
_bВ. В.
_4070
701 1 _aКовалевский
_bС. С.
_4070
701 1 _aПелихов
_bВ. П.
_4070
801 0 _aRU
_bNLR
_c20000726
_gPSBO
801 1 _aRU
_bNLR
_c20000726
852 _aNLR
_j2000-4/3437
942 _cBOOK
980 _aNB